| 000 | 00000nam 2200000zi 4500 |
| 001 | 9.937467 |
| 003 | CaOODSP |
| 005 | 20240426131403 |
| 006 | m o d f |
| 007 | cr mn||||||||| |
| 008 | 240426s2001 onc o f00| 0 eng d |
| 020 | |z0662314115 |
| 040 | |aCaOODSP|beng|erda|cCaOODSP |
| 043 | |an-cn--- |
| 086 | 1 |aJS82-100/2000-2E-PDF|zJS82-100/2000E |
| 100 | 1 |aMotiuk, Laurence L. |q(Laurence Louis), |d1954- |eeditor. |
| 245 | 10|aCompendium 2000 on effective correctional programming : |bvolume 2 / |ceditors : Laurence L. Motiuk, Ralph C. Serin. |
| 264 | 1|a[Ottawa] : |bCorrectional Service Canada, |c2001. |
| 300 | |a1 online resource (608 pages) |
| 336 | |atext|btxt|2rdacontent |
| 337 | |acomputer|bc|2rdamedia |
| 338 | |aonline resource|bcr|2rdacarrier |
| 500 | |aCaption title. |
| 500 | |aIssued also in French under title: Compendium 2000 des programmes correctionnels efficaces : volume 2. |
| 520 | |a"Volume 2 presents the results of a standardized national survey of existing programs being delivered in provincial and federal correctional jurisdictions and complements the research literature describing effective correctional programming and its evaluation in Volume 1"--Introduction. |
| 650 | 0|aCriminals|xRehabilitation|zCanada. |
| 650 | 0|aPrisoners|xEducation|zCanada. |
| 650 | 0|aCorrectional institutions|zCanada|xEvaluation. |
| 710 | 1 |aCorrectional Service Canada. |bResearch Branch, |eissuing body. |
| 775 | 08|tCompendium 2000 des programmes correctionnels efficaces : |w(CaOODSP)9.937469 |
| 795 | |tCompendium 2000 on effective programming / |bvolume 1|w(CaOODSP)9.934726 |
| 856 | 40|qPDF|s2.63 MB|uhttps://publications.gc.ca/collections/collection_2024/scc-csc/JS82-100-2000-2-eng.pdf |